000 00654nam a2200217Ia 4500
003 GCL
008 140319s9999 xx 000 0 ara d
040 _aGCL /
_cGCL
082 0 4 _a320.5
_bس ا
100 1 _aسمير امين
245 1 0 _aازمة المجتمع العربى /
_cسمير امين
260 _a[S.N] :
_bدار المستقبل العربى ،
_c1985
300 _a219 ص
490 _a
650 0 4 _aالعالم العربى
650 0 4 _aالاسلام والمذاهب السياسية
650 0 4 _aالرأسمالية
650 0 4 _aالديمقراطية
650 0 4 _aالمجتمع العربى
942 _2ddc
_cBK
999 _c54754
_d54754